Cosmic Marvel Heroes by Picture - Statistics

General Stats
  • This quiz has been taken 70 times
  • The average score is 22 of 40
Answer Stats
Picture Answer % Correct
Groot
100%
Silver Surfer
100%
Star-lord
100%
Captain Marvel
97%
Gamora
97%
Captain Marvel
95%
Drax the Destroyer
95%
Mantis
95%
Rocket Raccoon
92%
Nova
87%
Nova
87%
Adam Warlock
85%
Cosmo the Spacedog
81%
Yondu
69%
Beta-Ray Bill
68%
Starfox
66%
Phyla-Vell
55%
Moondragon
52%
Quasar
52%
Quasar
52%
Darkhawk
47%
Captain Universe
45%
Corsair
39%
Jack of Hearts
35%
Marvel Boy
34%
Starhawk
32%
Bug
29%
Charlie-27
29%
Major Victory
29%
Hepzibah
27%
Genis-Vell
26%
Martinex
26%
Rom the Spaceknight
26%
Ch'od
24%
Nikki
23%
Smasher
23%
Starbrand
23%
Aleta
19%
Uranian
19%
Nightmask
18%
No matching quizzes found
Score Distribution
Percent of People with Each Score
Percentile by Number Answered
Your Score History
You have not taken this quiz